000 00805nam a2200241Ia 4500
003 OSt
005 20220923215712.0
006 a|||||r|||| 00| 0
007 ta
008 220922b |||||||| |||| 00| 0 hin d
024 _a181,012
037 _cTextual
040 _aARTS
_cARTS
_bhin
041 _2hin
_ahin
082 _aO152,1N273x, M5
100 _aसक्सेना, सर्वेश्वर दयाल
_9157127
245 0 _aकोई मेरे साथ चले
246 _aKoī mere sāth chale
260 _aनई दिल्ली
_b राजकमल प्रकाशन
_c1985
300 _a111 पृ.
_ccm.
942 _hO152,1N273x, M5
_cTEXL
_2CC
999 _c334390
_d334390